Money Heist(La Casa de Papel) Cities - Statistics

General Stats
  • This quiz has been taken 3,318 times
  • The average score is 11 of 14
Answer Stats
Hint Answer % Correct
Asia Tokyo
97%
Africa Nairobi
94%
Europe Berlin
93%
South America Rio
93%
North America Denver
91%
Europe Helsinki
88%
Europe Oslo
86%
Asia/Europe Moscow
83%
Europe Stockholm
79%
Europe Lisbon
76%
South America Bogota
64%
Europe Palermo
60%
Europe Marseille
47%
Asia Manila
45%
No matching quizzes found
Score Distribution
Percent of People with Each Score
Percentile by Number Answered
Your Score History
You have not taken this quiz